LEADER 01008nam0-2200313 --450 001 9910519406403321 005 20220204131952.0 010 $a978-88-913-1745-2 020 $aIT$b2019-11219 100 $a20220204d2019----kmuy0itay5050 ba 101 0 $aeng 102 $aIT 105 $a 001yy 200 1 $aCluny and the origins of Burgundian Romanesque sculpture$ethe architecture, sculpture and narrative of the Avenas master$fC. Edson Armi 210 $aRoma$cL'Erma di Bretschneider$d2019 215 $a122 p.$cill.$d29 cm 225 1 $aBibliotheca archaeologica$v58 610 0 $aScultura romanica$aBorgogna 610 0 $aAbbazia di Cluny$aSculture 676 $a730.9444$v23 676 $a734.24$v23 700 1$aArmi,$bC. Edson$0791218 801 0$aIT$bUNINA$gREICAT$2UNIMARC 901 $aBK 912 $a9910519406403321 952 $a734.24 ARM 1$b2021/2578$fFLFBC 959 $aFLFBC 996 $aCluny and the origins of Burgundian Romanesque sculpture$92586568 997 $aUNINA LEADER 01133nam2 22002893i 450 001 LO10027030 005 20231121125513.0 100 $a20131025d1990 ||||0itac50 ba 101 | $aita 102 $ait 181 1$6z01$ai $bxxxe 182 1$6z01$an 200 0 $a2: 1928-1941$eLa battaglia di Bucharin, Industrializzazione, Collettivizzazione, Dispotismo e terrore staliniano, La minaccia fascista$fGiuseppe Boffa 210 $a[Roma]$cl'Unità$d1990 215 $a334 p.$d21 cm 300 $aEd. f.c. 461 1$1001RAV0094051$12001 $aStoria dell'Unione Sovietica$fGiuseppe Boffa$v2 700 1$aBoffa$b, Giuseppe$3CFIV012464$4070$0123284 801 3$aIT$bIT-01$c20131025 850 $aIT-RM1437 $aIT-FR0017 899 $aBiblioteca Fondazione Nevol Querci - ASIS -$bRM1437 899 $aBiblioteca umanistica Giorgio Aprea$bFR0017 $eN 912 $aLO10027030 950 2$aBiblioteca umanistica Giorgio Aprea$d 52MAG 1/3189.2$e 52SBA0000201925 VMN RS $fA $h20160414$i20160414 977 $a 34$a 52 996 $a2: 1928-1941$93607849 997 $aUNICAS